000 00682nam a2200217 i 4500
001 80163
003 ES-MaACL
005 20250814031823.0
007 t|
008 041026s1959 sp ||||1| spa d
080 _a502(02)
245 0 0 _aHistoria natural de la creación /
_cC.G. Dolmage ... [et al.] ; [versión, José M. Borrás].
250 _a7ª ed., ampl. y puesta al día.
260 _aBarcelona :
_bAve,
_c1959.
300 _a2 v. :
_b266 lám. ;
_c25 cm.
650 7 _aCiencias naturales
_2embne
_910984
700 1 _aDolmage, Cecil G.
_945042
700 1 _aBorrás i Codina, Josep M.
_930565
852 _aES-MaACL
_jC-17395-96
999 _c80163
_d80163